000 00939nam a2200205 i 4500
001 163902
003 ES-MaACL
005 20250801161305.0
008 940301s1876 sp |||| | spa d
040 _aCLM
_bspa
245 0 0 _aRomancero del Cid
_b: tomo I.
250 _a2ª ed.
260 _aMadrid :
_b[s.n.],
_c1876 (
_fImp. de Aribau y C\sa\p: Sucesores de Rivadeneyra)
300 _a222 p. ;
_c14 cm.
490 1 _aBiblioteca universal: Colección de los mejores autores antiguos y modernos, nacionales y extranjeros
597 _aAntep.
830 0 0 _aBiblioteca universal.
_pColección de los mejores autores antiguos y modernos, nacionales y extranjeros
_9188447
852 _aES-MaACL
_jD-4822(1)
_z-- Enc. hol.
_x-- Edic.: quitar Tomo I de T245, corresponde a la serie -- corregir serie : Biblioteca universal: colección de los mejores autores antiguos y modernos, nacionales y extranjeros
999 _c163902
_d163902